Indian History: (Record no. 183099)

MARC details
000 -LEADER
fixed length control field 00488 a2200169 4500
005 - DATE AND TIME OF LATEST TRANSACTION
control field 20211216121251.0
010 ## - LCCN (DPL NO)
LC control number ENG-130369
020 ## - INTERNATIONAL STANDARD BOOK NUMBER
Terms of availability 710.00
035 ## - SYSTEM CONTROL NUMBER
System control number EN-113901
037 ## - SOURCE OF ACQUISITION
Source of stock number/acquisition DBAD / PUB
082 ## - DEWEY DECIMAL CLASSIFICATION NUMBER
Classification number 954
245 ## - TITLE STATEMENT
Title Indian History:
Statement of responsibility, etc Edited by Kalpana Rajaram
260 ## - PUBLICATION, DISTRIBUTION, ETC. (IMPRINT)
Name of publisher, distributor, etc Spectrum Books (P) Ltd.
Place of publication, distribution, etc New Delhi
Date of publication, distribution, etc 2019
270 ## - ADDRESS
City New Delhi
Address A1 291, First Floor, Janakpuri
Postal code 110058
300 ## - PHYSICAL DESCRIPTION
Extent F-202p.
Dimensions 24cm (pbk)
942 ## - ADDED ENTRY ELEMENTS (KOHA)
Institution code [OBSOLETE] dpl
Item type English Books
Source of classification or shelving scheme Dewey Decimal Classification
Classification part 954
Call number suffix IND
Holdings
Withdrawn status Lost status Not for loan Collection code Home library Current library Date acquired Source of acquisition Cost, normal purchase price Full call number Barcode Copy number Cost, replacement price Koha item type
      Non-fiction Shahdara Branch Shahdara Branch 16/12/2021 DBAD/PUB 710.00 954 IND EN-113901 1 710.00 English Books

© Delhi Public Library
Hit Counter
free hit counter